Central Library OPAC University of Rajshahi

Ottoman reform in Syria and Palestine 1840-1861 : (Record no. 27074)

MARC details
000 -LEADER
fixed length control field 01019nam a2200289 4500
001 - CONTROL NUMBER
control field 27074
003 - CONTROL NUMBER IDENTIFIER
rucl marc code BD-RjUL
005 - DATE AND TIME OF LATEST TRANSACTION
control field 20211209051117.0
008 - FIXED-LENGTH DATA ELEMENTS--GENERAL INFORMATION
fixed length control field 140324s1968 enk b 001 0 eng d
020 ## - INTERNATIONAL STANDARD BOOK NUMBER
International Standard Book Number 0198215371
035 ## - SYSTEM CONTROL NUMBER
System control number CURL 980068100226(LCo) from flycat3
-- (BD-RjUL) 27145
040 ## - CATALOGING SOURCE
Original cataloging agency BD-RjUL
Language of cataloging eng
Transcribing agency BD-RjUL
Modifying agency BD-RjUL
041 ## - LANGUAGE CODE
Language code of text/sound track or separate title eng
082 ## - DEWEY DECIMAL CLASSIFICATION NUMBER
Classification number 956.9
Author mark and year MAO 1968
100 1# - MAIN ENTRY--PERSONAL NAME
Personal name Maʿoz, Moshe.
9 (RLIN) 83150
245 10 - TITLE STATEMENT
Title Ottoman reform in Syria and Palestine 1840-1861 :
Remainder of title the impact of the Tanzimat on politics and society /
Statement of responsibility, etc. by Moshe Maʿoz
260 ## - PUBLICATION, DISTRIBUTION, ETC. (IMPRINT)
Place of publication, distribution, etc. Oxford :
Name of publisher, distributor, etc. Clarendon Press,
Date of publication, distribution, etc. 1968.
300 ## - PHYSICAL DESCRIPTION
Pagination [2], xi, 266 p :
Illustrations 2 plates, 2 facsims., map ;
Size 23 cm
504 ## - BIBLIOGRAPHY, ETC. NOTE
Bibliography, etc Includes Bibliography: p. [249]-258 and index.
650 ## - SUBJECT ADDED ENTRY--TOPICAL TERM
Topical term or geographic name as entry element Palestine
General subdivision History
9 (RLIN) 83151
651 #0 - SUBJECT ADDED ENTRY--GEOGRAPHIC NAME
Geographic name Palestine
General subdivision History
Chronological subdivision 1799-1917
9 (RLIN) 83152
Geographic name Syria
General subdivision History
Chronological subdivision 1516-1918
9 (RLIN) 83153
Geographic name Turkey
General subdivision History
Chronological subdivision Tanzimat, 1839-1876
9 (RLIN) 83154
942 ## - ADDED ENTRY ELEMENTS (KOHA)
Source of classification or shelving scheme Dewey Decimal Classification
Koha item type Books
Holdings
Lost status Source of classification or shelving scheme Damaged status Not for loan Collection code Permanent Location Current Location Shelving location Date acquired Source of acquisition Cost, normal purchase price Total Checkouts Full call number Date last seen Copy number Koha item type
  Dewey Decimal Classification   Added to bundle Non-fiction Central Library, University of Rajshahi Central Library, University of Rajshahi Reading Room 20/01/1970 Zeit 55.00   956.9 MAO 1968 24/03/2014 C-1 Books
  Dewey Decimal Classification     Non-fiction Central Library, University of Rajshahi Central Library, University of Rajshahi   27/10/1970 Sweets & Zeitlinger 55.00   956.9 MAO 1968 24/03/2014 C-2 Books